Filosofía de la experiencia y ciencia experimental

Guardat en:
Dades bibliogràfiques
Autors principals: Hernández, Gerardo (Autor), Rodríguez, Luis Mauricio (Autor)
Format: Llibre
Idioma:espanyol
Publicat: Ciudad de México Fondo de Cultura Económica 2003
Matèries:
Etiquetes: Afegir etiqueta
Sense etiquetes, Sigues el primer a etiquetar aquest registre!

MARC

LEADER 00000nam a2200000 a 4500
001 UCH5743
003 CL-VaPUC
008 091015e20030000MX |||||||||||||||||spa|d
020 |a 9681671074 
082 0 4 |a 501  |b HER  |2 21 
100 |a Hernández, Gerardo  |e author  |9 542059 
700 0 |a Rodríguez, Luis Mauricio  |e author  |9 542060 
245 1 0 |a Filosofía de la experiencia y ciencia experimental 
300 |a 162 p 
942 |c BK 
945 |d 20091015 00:00:00  |a dcastane 
260 |a Ciudad de México  |b Fondo de Cultura Económica  |c 2003 
650 0 |a Filosofía de las ciencias  |9 256466 
650 0 |a Ciencias sociales   |9 256351 
650 0 |a Epistemología   |9 264994 
650 0 |a Constructivismo  |9 268156 
583 |a last modification  |c 20091015 00:00:00  |k Rodrigo Vera 
999 |c 336816  |d 336814 
952 |0 0  |1 0  |4 0  |6 501_000000000000000_HER_2003  |7 0  |8 A  |9 428762  |a BIBEDU  |b BIBEDU  |d 2019-11-22  |i 4608291  |o 501 HER 2003  |p 4608291  |r 2019-11-22  |w 2019-11-22  |y BK  |k PSI